| 000 | 00836pab a2200169 454500 | ||
|---|---|---|---|
| 008 | 180718b2002 xxu||||| |||| 00| 0 eng d | ||
| 100 | _aSarath, S. | ||
| 245 | _aRaj and the railways (a review article) | ||
| 260 | _c2002 | ||
| 300 | _ap.1123-128. | ||
| 362 | _a23 Mar | ||
| 520 | _aThe characteristics of globalisation as it is now unfolding are multifarious. It is influencing culture as much as the economies of nation states. While most attention is focused on economic integration globalisation is seen to be leading to cultural hegemony. While such homogenisation of diverse cultures certainly makes humanity poorer, tentatively, haltingly, a universal conscience is beginning to take shape. - Reproduced. | ||
| 650 | _aRailways - India | ||
| 650 | _aRailways | ||
| 773 | _aEconomic and Political Weekly | ||
| 909 | _a52047 | ||
| 999 |
_c52047 _d52047 |
||